Top 10 Chelsea Premier League Scorers - Statistics

General Stats
  • This quiz has been taken 720 times
    253 since last reset
  • The average score is 7 of 11
Answer Stats
Player Goals % Correct
Didier Drogba 104
97%
Frank Lampard 147
96%
Eden Hazard 85
87%
Diego Costa 52
72%
Jimmy Floyd Hasselbaink 71
63%
Gianfranco Zola 59
62%
John Terry 41
60%
Cole Palmer 37
59%
Nicolas Anelka 38
57%
Willian 37
49%
Eiður Guðjohnsen 54
29%
No matching quizzes found
Score Distribution
Percent of People with Each Score
Percentile by Number Answered
Your Score History
You have not taken this quiz since the last reset